La necesidad de incorporar en la ley concursal una norma que contenga el plazo de prescripción de la cuota concordataria (Registro nro. 20861)
[ vista simple ]
| 000 -LEADER | |
|---|---|
| fixed length control field | 00451 a2200121 4500 |
| 001 - CONTROL NUMBER | |
| control field | ART_39037 |
| 005 - DATE AND TIME OF LATEST TRANSACTION | |
| control field | 20260410161804.0 |
| 008 - FIXED-LENGTH DATA ELEMENTS--GENERAL INFORMATION | |
| fixed length control field | 260409a |
| 100 1# - MAIN ENTRY--PERSONAL NAME | |
| Personal name | Junyent Bas, Francisco |
| 245 10 - TITLE STATEMENT | |
| Title | La necesidad de incorporar en la ley concursal una norma que contenga el plazo de prescripción de la cuota concordataria |
| 700 1# - ADDED ENTRY--PERSONAL NAME | |
| Personal name | Izquierdo, Silvina |
| 773 0# - HOST ITEM ENTRY | |
| Title | Doctrina Societaria y Concursal |
| Related parts | - Nº 319 (jun. 2014) |
| Record control number | REV4298 |
No hay ítems disponibles.